[Event "XVII. DBMM Schach"]
[Site "Berlin"]
[Date "2017.11.04"]
[Round "5.1"]
[White "Schramm, Christian"]
[Black "Gohla, Ulf"]
[Result "1-0"]
[WhiteElo "2368"]
[BlackElo "2171"]
[Annotator "br"]
[PlyCount "67"]
[EventDate "2017.??.??"]
[EventType "team-swiss"]
[EventRounds "7"]
[EventCountry "GER"]
[SourceTitle "XVII. DBMM 2017"]
[Source "FV Schach e.V."]
[SourceDate "2018.05.26"]
[SourceVersion "1"]
[SourceVersionDate "2018.05.26"]
[SourceQuality "1"]
[WhiteTeam "AGI Frankfurt"]
[BlackTeam "Vodafone"]
[WhiteTeamCountry "GER"]
[BlackTeamCountry "GER"]

1. e4 e5 2. Nf3 Nc6 3. Bc4 Bc5 4. c3 Nf6 5. d3 Bb6 6. Nbd2 O-O 7. O-O d6 8. Bb3
a6 9. Qe2 Ba7 10. Nc4 Ne7 11. Ne3 Ng4 12. Ng5 Nf6 13. Kh1 h6 14. Nf3 Ng4 15.
Nxg4 Bxg4 16. h3 Be6 17. Bxe6 fxe6 18. Be3 Bxe3 19. Qxe3 Ng6 20. d4 exd4 21.
cxd4 c6 22. e5 d5 23. Ne1 Nf4 24. g3 Ng6 25. Nd3 Rf7 26. Nc5 b6 27. Nxa6 Qf8
28. Qd3 Rxf2 29. Rxf2 Qxf2 30. Rf1 Qxb2 31. Qxg6 Rxa6 32. Qxe6+ Kh7 33. Qf5+
Kh8 34. Qc8+ 1-0

[Event "XVII. DBMM Schach"]
[Site "Berlin"]
[Date "2017.11.04"]
[Round "5.2"]
[White "Scheffner, Axel"]
[Black "Rietze, Clemens"]
[Result "0-1"]
[WhiteElo "2249"]
[BlackElo "2319"]
[Annotator "br"]
[PlyCount "128"]
[EventDate "2017.??.??"]
[EventType "team-swiss"]
[EventRounds "7"]
[EventCountry "GER"]
[SourceTitle "XVII. DBMM 2017"]
[Source "FV Schach e.V."]
[SourceDate "2018.05.26"]
[SourceVersion "1"]
[SourceVersionDate "2018.05.26"]
[SourceQuality "1"]
[WhiteTeam "Vodafone"]
[BlackTeam "AGI Frankfurt"]
[WhiteTeamCountry "GER"]
[BlackTeamCountry "GER"]

1. d4 Nf6 2. c4 e6 3. Nc3 Bb4 4. f3 d5 5. e3 O-O 6. a3 Bxc3+ 7. bxc3 c5 8. cxd5
exd5 9. Bd3 b6 10. Ne2 Ba6 11. Bxa6 Nxa6 12. O-O Nc7 13. a4 Nce8 14. Re1 Nd6
15. Nf4 cxd4 16. Qxd4 Nf5 17. Qd3 Qd7 18. a5 Rac8 19. axb6 axb6 20. Ba3 Rfd8
21. Rab1 Rc6 22. Rbd1 g6 23. e4 dxe4 24. Qxd7 Rxd7 25. Rxd7 Nxd7 26. fxe4 Rxc3
27. Bb2 Rc2 28. Ba1 Ne3 29. Bd4 Ng4 30. h3 Nge5 31. Nd5 b5 32. Ra1 Rc4 33. Nf6+
Kf8 34. Ra8+ Ke7 35. Nd5+ Kd6 36. Ra6+ Nc6 37. Bf2 b4 38. Bg3+ Kc5 39. Bf2+ Kd6
40. Bg3+ Nde5 41. Nxb4 Rxb4 42. Bxe5+ Kxe5 43. Rxc6 $11 Rxe4 44. Rc7 Rf4 45. g3
Rf5 46. Kg2 g5 47. g4 Rf4 48. Rc6 f6 49. Rc8 Rd4 50. Re8+ Kf4 51. Re2 h5 52.
gxh5 Kf5 53. Rf2+ Ke6 54. Ra2 Rh4 55. Ra6+ Kf7 56. Ra7+ Kg8 57. Ra6 Kg7 58.
Ra7+ Kh6 59. Ra6 Rf4 60. h4 gxh4 61. Kh3 Kxh5 62. Ra8 Rf3+ 63. Kg2 Rg3+ 64. Kh2
Kg4 {Zeit} 0-1

[Event "XVII. DBMM Schach"]
[Site "Berlin"]
[Date "2017.11.04"]
[Round "5.3"]
[White "Guth, Thomas"]
[Black "Tochtrop, Matthias"]
[Result "1-0"]
[WhiteElo "2328"]
[BlackElo "2173"]
[Annotator "br"]
[PlyCount "97"]
[EventDate "2017.??.??"]
[EventType "team-swiss"]
[EventRounds "7"]
[EventCountry "GER"]
[SourceTitle "XVII. DBMM 2017"]
[Source "FV Schach e.V."]
[SourceDate "2018.05.26"]
[SourceVersion "1"]
[SourceVersionDate "2018.05.26"]
[SourceQuality "1"]
[WhiteTeam "AGI Frankfurt"]
[BlackTeam "Vodafone"]
[WhiteTeamCountry "GER"]
[BlackTeamCountry "GER"]

1. e4 g6 2. Nc3 Bg7 3. d4 c6 4. Nf3 d5 5. exd5 cxd5 6. Bb5+ Nc6 7. O-O Bg4 8.
h3 Bxf3 9. Qxf3 e6 10. Ne2 Qb6 11. Ba4 Nf6 12. c3 O-O 13. Nf4 Rac8 14. Nd3 Ne4
15. Re1 Qd8 16. Bf4 Ne7 17. Bb3 Nf5 18. Rxe4 dxe4 19. Qxe4 Nd6 20. Bxd6 Qxd6
21. Qxb7 Rc7 22. Qf3 Rb8 23. Re1 a5 24. Nc5 Rxc5 25. dxc5 Qxc5 26. Rd1 Qc7 27.
g3 Rd8 28. Kg2 Rxd1 29. Qxd1 a4 30. Bxa4 Qb7+ 31. Qf3 Qxb2 32. Be8 Qxa2 33.
Bxf7+ Kh8 34. c4 Qa6 35. Qe4 e5 36. c5 Bf6 37. Bc4 Qa7 38. Qd5 Kg7 39. c6 Qc7
40. h4 Kh6 41. Kh3 Qe7 42. Bd3 Qd8 43. Qc4 Qc7 44. Be4 Be7 45. Qg8 Qd8 46. Qf7
Qd4 47. Qxe7 Qxe4 48. Qf8+ Kh5 49. f3 1-0

[Event "XVII. DBMM Schach"]
[Site "Berlin"]
[Date "2017.11.04"]
[Round "5.4"]
[White "Limbourg, Marina"]
[Black "Buescher, Henrik"]
[Result "1/2-1/2"]
[WhiteElo "2018"]
[BlackElo "2112"]
[Annotator "br"]
[PlyCount "33"]
[EventDate "2017.??.??"]
[EventType "team-swiss"]
[EventRounds "7"]
[EventCountry "GER"]
[SourceTitle "XVII. DBMM 2017"]
[Source "FV Schach e.V."]
[SourceDate "2018.05.26"]
[SourceVersion "1"]
[SourceVersionDate "2018.05.26"]
[SourceQuality "1"]
[WhiteTeam "Vodafone"]
[BlackTeam "AGI Frankfurt"]
[WhiteTeamCountry "GER"]
[BlackTeamCountry "GER"]

1. e4 c6 2. d4 d5 3. Nd2 dxe4 4. Nxe4 Nf6 5. Nxf6+ gxf6 6. Bc4 Bf5 7. Bf4 e6 8.
Qd2 Nd7 9. O-O-O Nb6 10. Be2 Qd5 $11 11. Kb1 O-O-O 12. Nf3 h5 13. Bd3 Bg4 14.
Be2 Bf5 15. Bd3 Bg4 16. Be2 Bf5 17. Bd3 1/2-1/2

[Event "XVII. DBMM Schach"]
[Site "Berlin"]
[Date "2017.11.04"]
[Round "5.1"]
[White "Thiede, Lars"]
[Black "Jacob, Volker"]
[Result "1-0"]
[WhiteElo "2433"]
[BlackElo "2233"]
[Annotator "br"]
[PlyCount "79"]
[EventDate "2017.??.??"]
[EventType "team-swiss"]
[EventRounds "7"]
[EventCountry "GER"]
[SourceTitle "XVII. DBMM 2017"]
[Source "FV Schach e.V."]
[SourceDate "2018.05.26"]
[SourceVersion "1"]
[SourceVersionDate "2018.05.26"]
[SourceQuality "1"]
[WhiteTeam "BA Tempelhof Berlin"]
[BlackTeam "Wiley United Weinheim"]
[WhiteTeamCountry "GER"]
[BlackTeamCountry "GER"]

1. c4 b6 2. Nf3 Bb7 3. g3 g6 4. Bg2 Bg7 5. O-O e5 6. Nc3 Ne7 7. d4 exd4 8. Nxd4
Bxg2 9. Kxg2 Nbc6 10. Be3 Ne5 11. Qb3 Ng4 12. Nd5 Nxd5 13. cxd5 O-O 14. Rad1
Nxe3+ 15. Qxe3 Qf6 16. Qf3 Rac8 17. b3 c6 18. Qxf6 Bxf6 19. Nf3 Rfe8 20. e3
cxd5 21. Rxd5 Rc2 22. Rd2 Rxd2 23. Nxd2 d5 24. Nf3 Rc8 25. Rd1 Rc5 26. Ne1 Ra5
27. a4 Rc5 28. Kf3 Kf8 29. Ke2 Ke7 30. Nd3 Rc3 31. Rc1 Rxb3 32. Rc7+ Ke8 33.
Rxa7 Bc3 34. g4 Ba5 35. Nf4 Rb2+ 36. Kf3 d4 37. exd4 Rd2 38. Ke3 Ra2 39. Nd5
Rxa4 40. Ra8+ 1-0

[Event "XVII. DBMM Schach"]
[Site "Berlin"]
[Date "2017.11.04"]
[Round "5.2"]
[White "Spiegel, Stefan"]
[Black "Bruchmann, Stephan"]
[Result "1-0"]
[WhiteElo "2144"]
[BlackElo "2219"]
[Annotator "br"]
[PlyCount "76"]
[EventDate "2017.??.??"]
[EventType "team-swiss"]
[EventRounds "7"]
[EventCountry "GER"]
[SourceTitle "XVII. DBMM 2017"]
[Source "FV Schach e.V."]
[SourceDate "2018.05.26"]
[SourceVersion "1"]
[SourceVersionDate "2018.05.26"]
[SourceQuality "1"]
[WhiteTeam "Wiley United Weinheim"]
[BlackTeam "BA Tempelhof Berlin"]
[WhiteTeamCountry "GER"]
[BlackTeamCountry "GER"]

1. e4 c6 2. d4 d5 3. Nd2 g6 4. Ngf3 Bg7 5. c3 Nh6 6. Bd3 O-O 7. O-O a5 8. a4
Na6 9. Re1 Nc7 10. h3 f6 11. Nf1 Nf7 12. Qb3 e5 13. dxe5 Nxe5 14. Be2 Kh8 15.
exd5 Nxd5 16. Nxe5 fxe5 17. Ng3 Qh4 18. Qd1 Be6 19. Bg4 Rae8 20. Ne4 Qd8 21.
Bg5 Qb6 22. Qe2 Bxg4 23. hxg4 Nf4 24. Qc2 h6 25. Bxf4 Rxf4 26. g5 Ref8 27. g3
Rf3 28. Kg2 h5 29. Rad1 Qc7 30. Re2 Qf7 31. Rd6 Qf5 32. Rd1 Qg4 33. Rde1 R3f5
34. Re3 Rxg5 35. Nxg5 Qxg5 36. Qe4 Rf5 37. Rd1 Rf4 38. Qd3 Qg4 1-0

[Event "XVII. DBMM Schach"]
[Site "Berlin"]
[Date "2017.11.04"]
[Round "5.3"]
[White "Schildt, Rene"]
[Black "Calder, Dennis"]
[Result "1-0"]
[WhiteElo "2112"]
[BlackElo "1930"]
[Annotator "br"]
[PlyCount "107"]
[EventDate "2017.??.??"]
[EventType "team-swiss"]
[EventRounds "7"]
[EventCountry "GER"]
[SourceTitle "XVII. DBMM 2017"]
[Source "FV Schach e.V."]
[SourceDate "2018.05.26"]
[SourceVersion "1"]
[SourceVersionDate "2018.05.26"]
[SourceQuality "1"]
[WhiteTeam "BA Tempelhof Berlin"]
[BlackTeam "Wiley United Weinheim"]
[WhiteTeamCountry "GER"]
[BlackTeamCountry "GER"]

1. e4 e5 2. Nf3 Nc6 3. d3 Bc5 4. Be2 d6 5. c3 Nge7 6. O-O O-O 7. Nbd2 a5 8. b3
Ng6 9. Re1 f5 10. Nf1 Nh4 11. Be3 f4 12. Bxc5 dxc5 13. h3 Nxf3+ 14. Bxf3 Qg5
15. Kh1 Qh4 16. Qe2 Rf6 17. Nh2 Rd6 18. Rad1 b6 19. Qf1 a4 20. Be2 Qd8 21. Nf3
axb3 22. axb3 Ra3 23. Ra1 Rxb3 24. Ra8 Rxc3 25. d4 exd4 26. Ba6 Ne7 27. Bxc8
Nxc8 28. Qa6 b5 29. Qxc8 Qxc8 30. Rxc8+ Kf7 31. Rxc7+ Ke8 32. Ra1 Rd7 33. Ra8+
Ke7 34. Rcc8 Rxf3 35. gxf3 d3 36. Ra1 c4 37. Kg2 d2 38. Rd1 Rd3 39. Kf1 Rxf3
40. Rxd2 Rxh3 41. Ke2 Rb3 42. Rc6 f3+ 43. Kd1 c3 44. Ra2 Kd7 45. Rc5 Kd6 46.
Rd5+ Kc6 47. Kc2 Rb4 48. Ra6+ Kb7 49. Re6 Rb2+ 50. Kxc3 Rxf2 51. Rd7+ Kc8 52.
Rxg7 b4+ 53. Kd3 Kd8 54. Ra6 1-0

[Event "XVII. DBMM Schach"]
[Site "Berlin"]
[Date "2017.11.04"]
[Round "5.4"]
[White "Hartmann, Matthias"]
[Black "Kettenburg, Stefan"]
[Result "0-1"]
[WhiteElo "1849"]
[BlackElo "2063"]
[Annotator "br"]
[PlyCount "72"]
[EventDate "2017.??.??"]
[EventType "team-swiss"]
[EventRounds "7"]
[EventCountry "GER"]
[SourceTitle "XVII. DBMM 2017"]
[Source "FV Schach e.V."]
[SourceDate "2018.05.26"]
[SourceVersion "1"]
[SourceVersionDate "2018.05.26"]
[SourceQuality "1"]
[WhiteTeam "Wiley United Weinheim"]
[BlackTeam "BA Tempelhof Berlin"]
[WhiteTeamCountry "GER"]
[BlackTeamCountry "GER"]

1. Nf3 d5 2. d4 Nf6 3. e3 c5 4. b3 cxd4 5. exd4 Nc6 6. Bb2 Bf5 7. c3 e6 8. Be2
h6 9. O-O Bd6 10. Nbd2 O-O 11. Re1 Rc8 12. a3 Re8 13. c4 Ne4 14. c5 Be7 15. b4
Bf6 16. Nb3 Ng5 17. Nxg5 Bxg5 18. Bb5 Qc7 19. Na5 Nxa5 20. Bxe8 Nc4 21. Bxf7+
Qxf7 22. Bc3 Bf4 23. Ra2 Qg6 24. Qf3 Bb8 25. g3 Rf8 26. Qg2 Qh5 27. f4 Bh3 28.
Qf2 Qg6 29. Kh1 h5 30. b5 Bf5 31. Bb4 Be4+ 32. Kg1 Rxf4 33. Qe2 h4 34. Rf1 hxg3
35. Rxf4 gxh2+ 36. Kxh2 Bxf4+ 0-1

[Event "XVII. DBMM Schach"]
[Site "Berlin"]
[Date "2017.11.04"]
[Round "5.1"]
[White "Gottschalk, Jens"]
[Black "Schulz, Michael"]
[Result "1/2-1/2"]
[WhiteElo "2268"]
[BlackElo "2204"]
[Annotator "ms"]
[PlyCount "34"]
[EventDate "2017.??.??"]
[EventType "team-swiss"]
[EventRounds "7"]
[EventCountry "GER"]
[SourceTitle "XVII. DBMM 2017"]
[Source "FV Schach e.V."]
[SourceDate "2018.05.26"]
[SourceVersion "1"]
[SourceVersionDate "2018.05.26"]
[SourceQuality "1"]
[WhiteTeam "R+V Versicherung Wiesbaden"]
[BlackTeam "SV Osram Berlin"]
[WhiteTeamCountry "GER"]
[BlackTeamCountry "GER"]

1. d4 g6 2. c4 Bg7 3. Nf3 c5 4. d5 d6 5. g3 Nf6 6. Bg2 O-O 7. O-O Na6 8. Nc3
Nc7 9. a4 Na6 10. e4 Bg4 11. h3 Bxf3 12. Bxf3 Nb4 13. Be3 Nd7 14. Qd2 Ne5 15.
Be2 f5 16. exf5 gxf5 17. Na2 a5 1/2-1/2

[Event "XVII. DBMM Schach"]
[Site "Berlin"]
[Date "2017.11.04"]
[Round "5.2"]
[White "Rath, Alina"]
[Black "Seidler, Lukas"]
[Result "1/2-1/2"]
[WhiteElo "2089"]
[BlackElo "2185"]
[Annotator "br"]
[PlyCount "100"]
[EventDate "2017.??.??"]
[EventType "team-swiss"]
[EventRounds "7"]
[EventCountry "GER"]
[SourceTitle "XVII. DBMM 2017"]
[Source "FV Schach e.V."]
[SourceDate "2018.05.26"]
[SourceVersion "1"]
[SourceVersionDate "2018.05.26"]
[SourceQuality "1"]
[WhiteTeam "SV Osram Berlin"]
[BlackTeam "R+V Versicherung Wiesbaden"]
[WhiteTeamCountry "GER"]
[BlackTeamCountry "GER"]

1. c4 Nf6 2. Nc3 e5 3. g3 d5 4. cxd5 Nxd5 5. Bg2 Nb6 6. Nf3 Nc6 7. O-O Be7 8.
d3 O-O 9. Be3 Be6 10. a3 Nd5 11. Nxd5 Bxd5 12. b4 a6 13. Rc1 Re8 14. Qc2 Qd7
15. Rfd1 h6 16. Bc5 Qe6 17. Rd2 Bf6 18. e4 Bb3 19. Qb2 Ba4 20. Be3 Rad8 21. Rc5
Rd7 22. d4 exd4 23. Nxd4 Nxd4 24. Bxd4 b6 25. Rh5 Qg4 26. Rf5 Red8 27. Rd5 Rxd5
28. exd5 Re8 29. f3 Bxd4+ 30. Rxd4 Qf5 31. Kf2 Qe5 32. Qd2 Qd6 33. f4 Bb5 34.
Bf3 Rd8 35. Qe3 Re8 36. Re4 Rxe4 37. Qxe4 Bd7 38. Qe5 Kf8 39. Qxd6+ $11 cxd6
40. Ke3 Ke7 41. Be2 Bc8 42. Kd4 Kf6 43. Ke4 g6 44. g4 b5 45. h3 g5 46. f5 h5
47. Bf3 hxg4 48. hxg4 Bb7 49. Bd1 Ke7 50. Kd4 f6 1/2-1/2

[Event "XVII. DBMM Schach"]
[Site "Berlin"]
[Date "2017.11.04"]
[Round "5.3"]
[White "Werner, Gregor"]
[Black "Gebert Vangeel, Ralf"]
[Result "1-0"]
[WhiteElo "2128"]
[BlackElo "2035"]
[Annotator "rgv"]
[PlyCount "81"]
[EventDate "2017.??.??"]
[EventType "team-swiss"]
[EventRounds "7"]
[EventCountry "GER"]
[SourceTitle "XVII. DBMM 2017"]
[Source "FV Schach e.V."]
[SourceDate "2018.05.26"]
[SourceVersion "1"]
[SourceVersionDate "2018.05.26"]
[SourceQuality "1"]
[WhiteTeam "R+V Versicherung Wiesbaden"]
[BlackTeam "SV Osram Berlin"]
[WhiteTeamCountry "GER"]
[BlackTeamCountry "GER"]

1. d4 d5 2. Bf4 c5 3. e3 Nc6 4. c3 Nf6 5. Nd2 e6 6. Bd3 Bd6 7. Bg3 e5 8. dxe5
Bxe5 9. Ngf3 Bxg3 10. hxg3 Qe7 11. Qc2 h6 12. O-O Be6 13. Rfe1 O-O 14. e4 d4
15. Bc4 Bxc4 16. Nxc4 b5 17. Ncd2 Rfd8 18. e5 Nd5 19. cxd4 Ndb4 20. Qe4 c4 21.
a3 Nd5 22. Rac1 Rac8 23. Nh4 g6 24. f4 Nxd4 25. Qxd4 Nb4 26. Qc3 Nd3 27. Ne4
Nxc1 28. Qxc1 a5 29. Nd6 Rc5 30. Qe3 Rd5 31. Kh2 Rd3 32. Qe4 Rb3 33. Re2 Qd7
34. f5 g5 35. Nf3 c3 36. bxc3 Rxc3 37. Qg4 Qe7 38. f6 Qf8 39. Nxg5 hxg5 40.
Qxg5+ Kh8 41. Re4 1-0

[Event "XVII. DBMM Schach"]
[Site "Berlin"]
[Date "2017.11.04"]
[Round "5.4"]
[White "Eisermann, Daniel"]
[Black "Launert, Martin"]
[Result "1-0"]
[WhiteElo "1937"]
[BlackElo "1879"]
[Annotator "br"]
[PlyCount "95"]
[EventDate "2017.??.??"]
[EventType "team-swiss"]
[EventRounds "7"]
[EventCountry "GER"]
[SourceTitle "XVII. DBMM 2017"]
[Source "FV Schach e.V."]
[SourceDate "2018.05.26"]
[SourceVersion "1"]
[SourceVersionDate "2018.05.26"]
[SourceQuality "1"]
[WhiteTeam "SV Osram Berlin"]
[BlackTeam "R+V Versicherung Wiesbaden"]
[WhiteTeamCountry "GER"]
[BlackTeamCountry "GER"]

1. e4 e5 2. Nf3 Nc6 3. Bc4 Bc5 4. c3 Nf6 5. d3 O-O 6. Bb3 Bb6 7. Nbd2 d6 8. Nc4
Be6 9. O-O h6 10. a4 Bxc4 11. Bxc4 a6 12. Re1 Kh8 13. h3 Nh7 14. Be3 Bxe3 15.
Rxe3 f5 16. Ba2 f4 17. Re1 Ng5 18. Nxg5 Qxg5 19. Qg4 Qxg4 20. hxg4 Ne7 21. f3
g5 22. Rad1 Rfd8 23. Rd2 c5 24. d4 cxd4 25. cxd4 Nc6 26. dxe5 dxe5 27. Bd5 Rd6
28. Rc1 Rad8 29. Rdc2 Nd4 30. Rf2 b5 31. a5 Kg7 32. Kf1 Kg6 33. b4 h5 34. gxh5+
Kxh5 35. Rb2 g4 36. fxg4+ Kxg4 37. Kf2 R8d7 38. Rbb1 Rh7 39. Rc8 Rh5 40. Rbc1
Rg5 $11 41. Rh1 Rh5 42. Rg8+ Rg5 43. Rgh8 Nf5 44. R1h2 Rxd5 45. exd5 e4 46. Re8
e3+ 47. Kg1 f3 48. Re4+ 1-0

[Event "XVII. DBMM Schach"]
[Site "Berlin"]
[Date "2017.11.04"]
[Round "5.1"]
[White "Hilbig, Olaf"]
[Black "Lenhardt, Manfred"]
[Result "0-1"]
[WhiteElo "2167"]
[BlackElo "2086"]
[Annotator "br"]
[PlyCount "110"]
[EventDate "2017.??.??"]
[EventType "team-swiss"]
[EventRounds "7"]
[EventCountry "GER"]
[SourceTitle "XVII. DBMM 2017"]
[Source "FV Schach e.V."]
[SourceDate "2018.05.26"]
[SourceVersion "1"]
[SourceVersionDate "2018.05.26"]
[SourceQuality "1"]
[WhiteTeam "Commerzbank Frankfurt"]
[BlackTeam "Vattenfall Berlin"]
[WhiteTeamCountry "GER"]
[BlackTeamCountry "GER"]

1. Nf3 d5 2. g3 Nf6 3. Bg2 e6 4. O-O Be7 5. d3 c5 6. Nbd2 Nc6 7. c3 Qc7 8. Qc2
b6 9. Re1 O-O 10. e4 dxe4 11. Nxe4 Ba6 12. d4 cxd4 13. cxd4 Rac8 14. Qa4 Nb4
15. Nxf6+ gxf6 16. Bh6 Rfd8 17. Qd1 Qc2 18. Rc1 Qxd1 19. Rexd1 Be2 20. Re1 Bc4
21. Bf1 Bd5 22. Nd2 Nxa2 23. Ra1 a5 24. Ba6 Rc2 25. Rab1 Nb4 26. Bb5 Bc6 27.
Bc4 Bd5 28. Rec1 Rxc1+ 29. Rxc1 Rc8 30. b3 b5 31. Kf1 bxc4 32. bxc4 Bc6 33. Ke2
Ra8 34. Nb1 a4 35. Na3 Na2 36. Rc2 Bxa3 37. Rxa2 Bf8 38. Bd2 a3 39. Bc1 Bb4 40.
Kd3 Ba4 41. c5 Bb3 42. Ra1 e5 43. dxe5 fxe5 44. c6 f6 45. Ke4 a2 46. Bb2 Bc2+
47. Kd5 Bb1 48. Ke6 Kg7 49. f4 Re8+ 50. Kd7 Re7+ 51. Kd8 Kf7 52. fxe5 Ba5+ 53.
Kc8 Rc7+ 54. Kb8 Rxc6 55. exf6 Rb6+ 0-1

[Event "XVII. DBMM Schach"]
[Site "Berlin"]
[Date "2017.11.04"]
[Round "5.2"]
[White "Busse, Wolfgang"]
[Black "Hummel, Dennis"]
[Result "1/2-1/2"]
[WhiteElo "1841"]
[BlackElo "2029"]
[Annotator "br"]
[PlyCount "98"]
[EventDate "2017.??.??"]
[EventType "team-swiss"]
[EventRounds "7"]
[EventCountry "GER"]
[SourceTitle "XVII. DBMM 2017"]
[Source "FV Schach e.V."]
[SourceDate "2018.05.26"]
[SourceVersion "1"]
[SourceVersionDate "2018.05.26"]
[SourceQuality "1"]
[WhiteTeam "Vattenfall Berlin"]
[BlackTeam "Commerzbank Frankfurt"]
[WhiteTeamCountry "GER"]
[BlackTeamCountry "GER"]

1. e4 e6 2. d4 d5 3. Bd3 Nf6 4. e5 Nfd7 5. a3 c5 6. c3 Nc6 7. Ne2 Qb6 8. Bc2
cxd4 9. cxd4 f6 10. f4 Be7 11. Nbc3 a5 12. Qd3 g6 13. Rb1 fxe5 14. fxe5 Rf8 15.
Rf1 Rxf1+ 16. Kxf1 Nf8 17. Be3 $11 Bd7 18. Nf4 O-O-O 19. Na4 Qa7 20. Qb5 Nxe5
21. Nb6+ Kb8 22. Nxd7+ Nexd7 23. Bd3 Bd6 24. Ne2 Nf6 25. Bg1 N8d7 26. Nc3 Qb6
27. g3 Re8 28. Re1 Bc7 29. Nxd5 Nxd5 30. Qxd7 Rf8+ 31. Kg2 Qxb2+ 32. Re2 Qxa3
33. Be4 Nc3 34. Rc2 Nxe4 35. Qxc7+ Ka8 36. Bf2 Rxf2+ 37. Rxf2 Nxf2 38. Kxf2
Qa2+ 39. Ke3 Qd5 40. Qxh7 a4 41. Qxg6 Qb3+ 42. Qd3 Qd5 43. h4 b5 44. g4 Kb7 45.
g5 Kb6 46. Qc3 Ka6 47. g6 Qh5 48. Qc8+ Ka5 49. Qc3+ Ka6 1/2-1/2

[Event "XVII. DBMM Schach"]
[Site "Berlin"]
[Date "2017.11.04"]
[Round "5.3"]
[White "Fischer, Alexander"]
[Black "Schulze, Norbert"]
[Result "1/2-1/2"]
[WhiteElo "2043"]
[BlackElo "1794"]
[Annotator "br"]
[PlyCount "111"]
[EventDate "2017.??.??"]
[EventType "team-swiss"]
[EventRounds "7"]
[EventCountry "GER"]
[SourceTitle "XVII. DBMM 2017"]
[Source "FV Schach e.V."]
[SourceDate "2018.05.26"]
[SourceVersion "1"]
[SourceVersionDate "2018.05.26"]
[SourceQuality "1"]
[WhiteTeam "Commerzbank Frankfurt"]
[BlackTeam "Vattenfall Berlin"]
[WhiteTeamCountry "GER"]
[BlackTeamCountry "GER"]

1. d4 d5 2. c4 c6 3. Nf3 Nf6 4. e3 e6 5. Nbd2 Be7 6. Bd3 O-O 7. O-O b6 8. b3
Bb7 9. Bb2 Nbd7 10. Rc1 dxc4 11. Nxc4 c5 12. Qe2 cxd4 13. Bxd4 Bc5 14. Bb2 Qe7
15. e4 Rfd8 16. Rcd1 Rac8 17. Bb1 Nf8 18. h3 Rxd1 19. Rxd1 Rd8 20. Rxd8 Qxd8
21. Bc1 Qc7 $11 22. Bb2 Qf4 23. Ncd2 Qc7 24. Ne5 N6d7 25. Ndf3 Nxe5 26. Nxe5
Nd7 27. Nd3 Be7 28. e5 Nc5 29. Nxc5 Bxc5 30. Qd3 g6 31. a3 Qc6 32. Qg3 Qd5 33.
Qf3 Qxf3 34. gxf3 Bxf3 35. b4 Be7 36. Bd3 Kf8 37. Bd4 Bg5 38. a4 Bd2 39. a5
bxa5 40. bxa5 Bxa5 41. Bxa7 Bd2 42. Bc5+ Kg7 43. Be7 Bc3 44. Bf6+ Kf8 45. Kh2
Bb4 46. Kg3 Bc6 47. Bd8 Bc5 48. Ba6 Ke8 49. Bg5 Bd4 50. Bf6 Kd7 51. f3 Kc7 52.
Kf4 Kb6 53. Bd3 Kc5 54. Be7+ Kb6 55. Bd8+ Kc5 56. Be7+ 1/2-1/2

[Event "XVII. DBMM Schach"]
[Site "Berlin"]
[Date "2017.11.04"]
[Round "5.4"]
[White "Schirmag, Wolfgang"]
[Black "Brauer, Frank"]
[Result "1/2-1/2"]
[WhiteElo "1629"]
[BlackElo "1815"]
[Annotator "fb"]
[PlyCount "42"]
[EventDate "2017.??.??"]
[EventType "team-swiss"]
[EventRounds "7"]
[EventCountry "GER"]
[SourceTitle "XVII. DBMM 2017"]
[Source "FV Schach e.V."]
[SourceDate "2018.05.26"]
[SourceVersion "1"]
[SourceVersionDate "2018.05.26"]
[SourceQuality "1"]
[WhiteTeam "Vattenfall Berlin"]
[BlackTeam "Commerzbank Frankfurt"]
[WhiteTeamCountry "GER"]
[BlackTeamCountry "GER"]

1. d4 Nf6 2. Nf3 d5 3. e3 e6 4. Bd3 c5 5. c3 Nc6 6. Nbd2 cxd4 7. exd4 Bd6 8.
O-O O-O 9. Re1 Qc7 10. Qe2 Bd7 11. Nf1 h6 12. Ne5 Rfe8 13. Ng3 a6 14. h3 Rad8
15. Nh5 Nxh5 16. Qxh5 Nxe5 17. dxe5 Bf8 18. Qg4 Kh8 19. Qh5 Kg8 20. Qg4 Kh8 21.
Qh5 Kg8 1/2-1/2

[Event "XVII. DBMM Schach"]
[Site "Berlin"]
[Date "2017.11.04"]
[Round "5.1"]
[White "Gempe, Thomas"]
[Black "Limbourg, Philipp"]
[Result "1-0"]
[WhiteElo "2196"]
[BlackElo "2214"]
[Annotator "br"]
[PlyCount "41"]
[EventDate "2017.??.??"]
[EventType "team-swiss"]
[EventRounds "7"]
[EventCountry "GER"]
[SourceTitle "XVII. DBMM 2017"]
[Source "FV Schach e.V."]
[SourceDate "2018.05.26"]
[SourceVersion "1"]
[SourceVersionDate "2018.05.26"]
[SourceQuality "1"]
[WhiteTeam "ADAC Muenchen"]
[BlackTeam "RWE Essen"]
[WhiteTeamCountry "GER"]
[BlackTeamCountry "GER"]

1. d4 Nf6 2. c4 c5 3. d5 b5 4. cxb5 a6 5. bxa6 g6 6. Nc3 Bg7 7. e4 O-O 8. Nf3
Qa5 9. Bd2 Bxa6 10. a4 Bxf1 11. Kxf1 e6 12. g3 exd5 13. exd5 Qb4 14. Kg2 Na6
15. Re1 c4 16. Ne5 Rfc8 17. Ne4 Qb7 18. Qf3 Nxe4 19. Qxf7+ Kh8 20. Nxg6+ hxg6
21. Rxe4 1-0

[Event "XVII. DBMM Schach"]
[Site "Berlin"]
[Date "2017.11.04"]
[Round "5.2"]
[White "Broszeit, Peter"]
[Black "Haas, Peter"]
[Result "1-0"]
[WhiteElo "1950"]
[BlackElo "2092"]
[Annotator "br"]
[PlyCount "45"]
[EventDate "2017.??.??"]
[EventType "team-swiss"]
[EventRounds "7"]
[EventCountry "GER"]
[SourceTitle "XVII. DBMM 2017"]
[Source "FV Schach e.V."]
[SourceDate "2018.05.26"]
[SourceVersion "1"]
[SourceVersionDate "2018.05.26"]
[SourceQuality "1"]
[WhiteTeam "RWE Essen"]
[BlackTeam "ADAC Muenchen"]
[WhiteTeamCountry "GER"]
[BlackTeamCountry "GER"]

1. e4 e5 2. Bc4 Nc6 3. Nf3 Be7 4. d4 d6 5. d5 Nb8 6. Bd3 Nf6 7. h3 c6 8. c4 Na6
9. Be3 Nd7 10. Nc3 O-O 11. Rc1 Nac5 12. Bb1 cxd5 13. Nxd5 Ne6 14. O-O g6 15.
Bh6 Ng7 16. Qd2 Re8 17. Ng5 Bxg5 18. Bxg5 f6 19. Be3 g5 20. Qb4 Nf8 21. c5 f5
22. cxd6 f4 23. Bd2 1-0